000 00358nam a2200157Ia 4500
100 _aTse/David/ Viswanath/P
650 _aWireless
942 _cBK
366 _f25
245 _aFundamentals of wireless communication
260 _bCambridge University Press
_c2005
082 _a621.382
_bTSE
300 _a457
546 _aENGLISH
_cTTL
999 _c22570
_d22570